000
00280nam a2200121Ia 4500
008
220204s9999 xx 000 0 und d
082
_a
347
_b
MAR
100
_a
MARKANDAY KATJU
245
0
_a
Domestic enquiry
250
_a
Ed.2
260
_a
Bombay
_b
NM Tripathi
_c
1980
942
_c
BK
999
_c
36028
_d
36028